Geography Quiz

Random Geography or State Quiz

US States in Four Letters Quiz Stats

 Plays Quiz Updated Jun 26, 2019

Score 0/15 Timer 02:00
0 Plays Today
Question Answer Wrong Answers
CILN California
82.3%
Illinois
1.9%
North Carolina
2.6%
Indiana
1.7%
EINW West Virginia
80%
Wisconsin
3.2%
Nebraska
3.3%
Indiana
2.2%
HKOR Rhode Island
78.8%
Oklahoma
4.1%
Ohio
2.7%
Oregon
2.5%
ENTX New Mexico
78.5%
Tennessee
1.9%
Texas
4.9%
Nebraska
3.2%
AFIM Florida
76.3%
Iowa
4.3%
Michigan
3.7%
Massachusetts
4.5%
IORW Iowa
74.4%
Wisconsin
7%
Oregon
3.4%
Rhode Island
3.7%
IMNP Mississippi
74.4%
Minnesota
4.2%
Indiana
4%
Michigan
5.7%
AEKM Kentucky
73.2%
Maine
3.2%
Massachusetts
5%
Alaska
6.7%
ADIR Delaware
72.6%
Arkansas
11%
Idaho
2.3%
Rhode Island
2.7%
AIMN Maine
72.2%
Massachusetts
8.7%
Michigan
3.6%
New Mexico
3.4%
AIPR Arizona
70.5%
Pennsylvania
7.6%
Rhode Island
2.9%
Iowa
7.5%
INTV Virginia
70.3%
Nevada
5.8%
Vermont
6.2%
Tennessee
6.2%
AHLP Hawaii
69.7%
Alabama
6%
Louisiana
5.1%
Pennsylvania
7.3%
ADIK Kansas
65.3%
Alaska
10%
Iowa
9%
Idaho
4.2%
CMOS Montana
61.5%
Missouri
8.6%
South Carolina
5.1%
Mississippi
13.7%

You're not logged in!

Compare scores with friends on all Sporcle quizzes.
OR
Log In

Sporcle TV

Today on Sporcle TV


Watch our educational content, quiz creation guides, and fun videos on Sporcle TV.

Show Comments

Extras

Top Quizzes Today


Score Distribution

Your Account Isn't Verified!

In order to create a playlist on Sporcle, you need to verify the email address you used during registration. Go to your Sporcle Settings to finish the process.

Report this User

Report this user for behavior that violates our Community Guidelines.

Details: